| 000 | 00754nam a22001937a 4500 | ||
|---|---|---|---|
| 999 |
_c20650 _d20650 |
||
| 003 | AR-CdUCM | ||
| 008 | 190601b ||||| |||| 00| 0 spa d | ||
| 040 |
_aMUNICIPALIDAD PROVINCIAL DEL CUSCO _cBIBLIOTECA MUNICIPAL DEL CUSCO |
||
| 082 |
_a693.8 / _bC85 |
||
| 100 |
_aCreixell M, Jose _943165 |
||
| 245 |
_aConstrucciones antisismicas : _bCriterio para su calculo y diseño / |
||
| 260 |
_aMéxico : _bContinental, _c1976. |
||
| 300 |
_a167 páginas ; _bGráficos _c27 cm. |
||
| 505 | _aContenido : Sismos -- Esfuerzos que provocan los temblores en las construcciones -- Esfuerzos horizontales que los sismos motivan en las construcciones... | ||
| 650 |
_aSismógrafo _943166 |
||
| 650 |
_aConstrucciones _913639 |
||
| 942 |
_2ddc _cLIBROS |
||
| 945 | _arcc | ||